Robert Austen, Esq; and Elizabeth Austen, widow, impropriators of the rectory of Shalford, in the county of Surry, with the chappelry of Bramley; and Thomas Eames, John Wilkins and Edward Elkins, tenants of the said impropriators. Appellants. Matthew Nicholas clerke, vicar of Shalford, respondent. The respondent's case.

Bibliographic Details
Main Author: Nicholas, Matthew, 1676 or 1677-
Corporate Author: Gale (Firm)
Other Authors: Austen, Robert, of Shalford
Format: eBook
Language:English
Published: [London] : [publisher not identified], [1718]
Subjects:
Online Access:Connect to the full text of this electronic book

MARC

Tag First Indicator Second Indicator Subfields
LEADER 00000cam a2200000 4500
001 in00003883607
005 20190416170554.0
006 m o d
007 cr |n||||||||n
008 930907s1718 enk|||| o 00||||eng c
035 |a (CU-RivES)T219509 
035 |a (Uk-ES)006313955 
035 |a (OCoLC)508515280 
040 |a Uk-ES  |c Uk-ES  |d CStRLIN  |d Cengage Gale  |d UtOrBLW 
100 1 |a Nicholas, Matthew,  |d 1676 or 1677-  |0 http://id.loc.gov/authorities/names/nr93028621 
245 1 0 |a Robert Austen, Esq; and Elizabeth Austen, widow, impropriators of the rectory of Shalford, in the county of Surry, with the chappelry of Bramley; and Thomas Eames, John Wilkins and Edward Elkins, tenants of the said impropriators. Appellants. Matthew Nicholas clerke, vicar of Shalford, respondent. The respondent's case. 
264 1 |a [London] :  |b [publisher not identified],  |c [1718] 
300 |a 1 online resource (3, 1 unnumbered pages)  
336 |a text  |b txt  |2 rdacontent 
337 |a computer  |b c  |2 rdamedia 
338 |a online resource  |b cr  |2 rdacarrier 
500 |a Drop-head title. 
500 |a Docket title: 'Matthew Nicholas, respondent. Robert Austen, andc. appellants. The respondent's case. To be heard at the bar of the House of Lords, on Thursday the 16th day of January, 1717'. 
500 |a Brace(s) in title or imprint. 
509 |a The year is 1717/8 
509 |a NACO HTC. 
510 4 |a English Short Title Catalog,  |c T219509. 
500 |a Reproduction of original from Trinity College Library. 
500 |a Electronic resource. 
600 1 0 |a Austen, Robert,  |c of Shalford,  |e appellant  |x Trials, litigation, etc.  |v Early works to 1800. 
600 1 0 |a Austen, Elizabeth,  |e appellant  |x Trials, litigation, etc.  |v Early works to 1800. 
650 0 |a Land tenure  |v Early works to 1800. 
655 7 |a Electronic books.  |2 local 
700 1 |a Austen, Robert,  |c of Shalford.  |0 http://id.loc.gov/authorities/names/nr90021217 
710 2 |a Gale (Firm)  |0 http://id.loc.gov/authorities/names/no2008071348 
752 |a Great Britain  |b England  |d London. 
856 4 0 |u http://proxy.library.tamu.edu/login?url=http://find.galegroup.com/ecco/infomark.do?contentSet=ECCOArticles&docType=ECCOArticles&bookId=1710101200&type=getFullCitation&tabID=T001&prodId=ECCO&docLevel=TEXT_GRAPHICS&version=1.0&source=library&userGroupName=txshracd2898  |z Connect to the full text of this electronic book  |t 0 
999 f f |s 83135542-d9bd-3d98-8a73-cb6f939ea912  |i 69b7a40d-30f6-3864-bcb5-4d61e6f29335  |t 0 
952 f f |a Texas A&M University  |b College Station  |c Electronic Resources  |d Available Online  |t 0  |h No information provided 
998 f f |t 0  |l Available Online